000 00520cam a22001217a 4500
008 180718b1986 xxu||||| |||| 00| 0 eng d
082 _aB3 PA/5/86/1
245 _aFifty special programme on policy analysis, September 3- October 3, 1986
_cby Ministry of Personnel, Public Grievances and Pensions, India
260 _aNew Delhi
_bIndian Institute of Public Administration
_c1986
300 _av.p.
500 _aProf. K.S. Shukla(Programme Director)
700 _aIndia. Ministry of Personnel, Public Grievances and Pensions,
999 _c503529
_d503529